<?xml version="1.0" encoding="UTF-8"?><?xml-stylesheet type="text/xsl" href="static/style.xsl"?><OAI-PMH xmlns="http://www.openarchives.org/OAI/2.0/" xmlns:xsi="http://www.w3.org/2001/XMLSchema-instance" xsi:schemaLocation="http://www.openarchives.org/OAI/2.0/ http://www.openarchives.org/OAI/2.0/OAI-PMH.xsd"><responseDate>2026-06-07T05:47:14Z</responseDate><request verb="GetRecord" identifier="oai:riuma.uma.es:10630/14605" metadataPrefix="marc">https://riuma.uma.es/rest/oai/request</request><GetRecord><record><header><identifier>oai:riuma.uma.es:10630/14605</identifier><datestamp>2026-02-03T12:09:57Z</datestamp><setSpec>com_10630_2254</setSpec><setSpec>col_10630_37959</setSpec></header><metadata><record xmlns="http://www.loc.gov/MARC21/slim" xmlns:dcterms="http://purl.org/dc/terms/" xmlns:doc="http://www.lyncode.com/xoai" xmlns:xsi="http://www.w3.org/2001/XMLSchema-instance" xsi:schemaLocation="http://www.loc.gov/MARC21/slim http://www.loc.gov/standards/marcxml/schema/MARC21slim.xsd">
   <leader>00925njm 22002777a 4500</leader>
   <datafield ind2=" " ind1=" " tag="042">
      <subfield code="a">dc</subfield>
   </datafield>
   <datafield ind2=" " ind1=" " tag="720">
      <subfield code="a">García-Martín, Miguel Ángel</subfield>
      <subfield code="e">author</subfield>
   </datafield>
   <datafield ind2=" " ind1=" " tag="720">
      <subfield code="a">Delgado-Peña, José Jesús</subfield>
      <subfield code="e">author</subfield>
   </datafield>
   <datafield ind2=" " ind1=" " tag="720">
      <subfield code="a">Romo-Parra, María del Carmen</subfield>
      <subfield code="e">author</subfield>
   </datafield>
   <datafield ind2=" " ind1=" " tag="720">
      <subfield code="a">Lang, Gert</subfield>
      <subfield code="e">author</subfield>
   </datafield>
   <datafield ind2=" " ind1=" " tag="260">
      <subfield code="c">2017-10-09</subfield>
   </datafield>
   <datafield ind2=" " ind1=" " tag="520">
      <subfield code="a">Developing age-friendly programmes and services focused in Seniors’ Mental Fitness are relevant actions oriented to elder well-being. This paper explores the purposes and methodologies of such implemented programmes and services in Austria and Spain nowadays. &#xd;
The research investigates them in relation to the several aims, namely: 1. What kind of programmes exist which promote active ageing in the light of maintaining and improving mental fitness? 2.  What goals are pursued by means of such actions? 3.  What methodologies are normally used in them? 4. In which way can they be improved in the light of the previous aims? &#xd;
Using a qualitative case-study design, a representative sample of these actions are analysed by Atlas.ti software from an inductive approach. A constructivist grounded theory approach was used to analyse the data. The information was collected by templates designed ad hoc. Additionally, structured in-depth interviews were held with outstanding providers from some of these actions in order to complement the general information obtained in the former step. These interviews explore aspects of the positive and negative features, as well as improvement proposals for such actions. &#xd;
The results obtained can be applied in the framework of the progress of such programmes and services implementation.</subfield>
   </datafield>
   <datafield ind1="8" ind2=" " tag="024">
      <subfield code="a">http://hdl.handle.net/10630/14605</subfield>
   </datafield>
   <datafield tag="653" ind2=" " ind1=" ">
      <subfield code="a">Calidad de vida</subfield>
   </datafield>
   <datafield tag="653" ind2=" " ind1=" ">
      <subfield code="a">Ancianos - Protección, asistencia, etc.</subfield>
   </datafield>
   <datafield ind2="0" ind1="0" tag="245">
      <subfield code="a">A comparison of programmes and services on Mental Fitness for seniors in Austria and Spain</subfield>
   </datafield>
</record>
</metadata></record></GetRecord></OAI-PMH>